00763nam a22002055i 450000100060000000300090000600500170001500700030003200800410003504000200007610000410009624500950013726000530023230000500028549000250033583000330036085200220039399900170041595201250043248360ES-MaACL20250917063032.0t|950713s1892 fr a ||||1| fre d aCAM bspa cCAM1 aDaudet, Alphonse, d1840-189794279912aL'Evangeliste b: roman parisien / cAlphonse Daudet; illustrations de Marold et Montegut. aParis : bE. Dentu, c1892 (fEdouard Guillaume) a[8], 331, [8] p., [6] h. de lám. ; c20 cm.1 aCollection Guillaume0 aCollection Guillaume9182233 aES-MaACLjG-14591 c48360d48360 001040708LIBXIXaATENEOMbATENEOMcSPP3d2008-01-17eSCl0oG-14591p1050895r2023-02-23 00:00:00w2023-02-23yMONANT